|
|
|
|
| LEADER |
04082nam a22003974a 4500 |
| 001 |
EBC289664 |
| 003 |
MiAaPQ |
| 005 |
20200520144314.0 |
| 006 |
m o d | |
| 007 |
cr cn||||||||| |
| 008 |
050321s2006 enkabf sb 001 0 eng |
| 010 |
|
|
|z 2005008120
|
| 020 |
|
|
|z 0851999492 (alk. paper)
|
| 020 |
|
|
|z 9780851999494
|
| 035 |
|
|
|a (MiAaPQ)EBC289664
|
| 035 |
|
|
|a (Au-PeEL)EBL289664
|
| 035 |
|
|
|a (CaPaEBR)ebr10157938
|
| 035 |
|
|
|a (CaONFJC)MIL73576
|
| 035 |
|
|
|a (OCoLC)228144238
|
| 040 |
|
|
|a MiAaPQ
|c MiAaPQ
|d MiAaPQ
|
| 043 |
|
|
|a s-ec---
|
| 050 |
|
4 |
|a HC203.C68
|b D48 2006
|
| 082 |
0 |
4 |
|a 338.1/6/0986612
|2 22
|
| 245 |
0 |
0 |
|a Development with identity
|h [electronic resource] :
|b community, culture and sustainability in the Andes /
|c edited by Robert E. Rhoades.
|
| 260 |
|
|
|a Wallingford, UK ;
|a Cambridge, MA :
|b CABI Publishing,
|c c2006.
|
| 300 |
|
|
|a xv, 325 p., [2] p. of plates :
|b ill. (some col.), maps.
|
| 504 |
|
|
|a Includes bibliographical references and index.
|
| 505 |
0 |
|
|a Linking sustainability science, community and culture : a research partnership in Cotacachi, Ecuador / Robert E. Rhoades -- Shaping an Andean landscape : processes affecting topography, soils and hydrology in Cotacachi / Franz Zehetner and William P. Miller -- Incursion, fragmentation and tradition : historical ecology of Andean Cotacachi / A. Shiloh Moates and B.C. Campbell -- Four decades of land use change in the Cotacachi Andes : 1963-2000 / Xavier Zapata Rios, Robert E. Rhoades, Maria Claudia Segovia and Franz Zehetner -- Climate change in Cotacachi / Robert E. Rhoades, Xavier Zapata Rios and Jenny Aragundy -- Traversing a landscape of memory / Virginia D. Nazarea, Rafael Guitarra and Robert E. Rhoades -- Biological diversity in Cotacachi's Andean forests / Marcia Penafiel, Marco Tipan, Lincoln Nolivos and Karla Vasquez -- Trees and trade-offs : perceptions of eucalyptus and native trees in Ecuadorian highland communities / Ashley D. Carse -- Living, dwindling, losing, finding : status and changes in agrobiodiversity of Cotacachi / Kristine Skarb -- Women and homegardens of Cotacachi / Maricel C. Piniero -- Good to eat, good to think : food, culture and biodiversity in Cotacachi / Juana Camacho -- Toward sustainable crop production in Cotacachi : an assessment of the soils' nutrient status / Franz Zehetner and William P. Miller -- Plant-water relationships in an Andean landscape : modelling the effect of irrigation on upland crop production / Franz Zehetner, William P. Miller and Xavier Zapata Rios -- Water quality and human needs in Cotacachi : the Pichavi watershed / Jenny Aragundy and Xavier Zapata Rios -- Local resolution of watershed management trade-offs : the case of Cotacachi / Fabian Rodriguez with Douglas Southgate -- Community-based water monitoring in Cotacachi / Sergio S. Ruiz-Cordova, Bryan L. Duncan, William Deutsch and Nicolas Gomez -- Why is the earth tired? : a comparative analysis of agricultural change and intervention in northern Ecuador / B.C. Campbell -- Circular migration and community identity : their relationship to the land / Gabriela Flora -- Social capital and advocacy coalitions : examples of environment issues from Ecuador / Jan L. Flora, Cornelia B. Flora, Florencia Campana, Mary Garcia Bravo and Edith Fernandez-Baca -- Future visioning for the Cotacachi Andes : scientific models and local perspectives on land use change / Robert E. Rhoades and Xavier Zapata Rios -- Sustainability science in indigenous communities : reconciling local and global agendas / Robert E. Rhoades.
|
| 533 |
|
|
|a Electronic reproduction. Ann Arbor, MI : ProQuest, 2015. Available via World Wide Web. Access may be limited to ProQuest affiliated libraries.
|
| 650 |
|
0 |
|a Sustainable development
|z Ecuador
|z Cotacachi.
|
| 650 |
|
0 |
|a Sustainable agriculture
|z Ecuador
|z Cotacachi.
|
| 650 |
|
0 |
|a Land use
|z Ecuador
|z Cotacachi.
|
| 655 |
|
4 |
|a Electronic books.
|
| 700 |
1 |
|
|a Rhoades, Robert E.
|
| 710 |
2 |
|
|a ProQuest (Firm)
|
| 856 |
4 |
0 |
|u https://ebookcentral.proquest.com/lib/matrademy/detail.action?docID=289664
|z Click to View
|